Multi-stage membrane processes for wastewater treatment

Elmentve itt :
Bibliográfiai részletek
Szerzők: Kertész Szabolcs
Bor Péter
Beszédes Sándor
Veréb Gábor
László Zsuzsanna
Hodúr Cecilia
Dokumentumtípus: Könyv része
Megjelent: University of Szeged, Department of Inorganic and Analytical Chemistry Szeged 2017
Sorozat:Proceedings of the 23rd International Symposium on Analytical and Environmental Problems
mtmt:3286321
Online Access:http://publicatio.bibl.u-szeged.hu/12230
LEADER 00958naa a2200241 i 4500
001 publ12230
005 20200226152618.0
008 171104s2017 hu o 0|| zxx d
020 |a 978-963-306-563-1 
024 7 |a 3286321  |2 mtmt 
040 |a SZTE Publicatio Repozitórium  |b hun 
041 |a zxx 
100 1 |a Kertész Szabolcs 
245 1 0 |a Multi-stage membrane processes for wastewater treatment  |h [elektronikus dokumentum] /  |c  Kertész Szabolcs 
260 |a University of Szeged, Department of Inorganic and Analytical Chemistry  |b Szeged  |c 2017 
300 |a 431-436 
490 0 |a Proceedings of the 23rd International Symposium on Analytical and Environmental Problems 
700 0 1 |a Bor Péter  |e aut 
700 0 1 |a Beszédes Sándor  |e aut 
700 0 1 |a Veréb Gábor  |e aut 
700 0 1 |a László Zsuzsanna  |e aut 
700 0 1 |a Hodúr Cecilia  |e aut 
856 4 0 |u http://publicatio.bibl.u-szeged.hu/12230/1/Proceedings_of_ISAEP_2017%20KERT%C3%89SZ.pdf  |z Dokumentum-elérés